书目信息 |
| 题名: |
生命与逻各斯
|
|
| 作者: | 包利民 著 | |
| 分册: | ||
| 出版信息: | 北京 东方出版社 1996.07 |
|
| 页数: | 354页 | |
| 开本: | 21cm | |
| 丛书名: | 哥伦布学术文库 | |
| 单 册: | ||
| 中图分类: | B82-095.45 | |
| 科图分类: | ||
| 主题词: | 伦理学--历史--希腊 | |
| 电子资源: | ||
| ISBN: | 7-5060-0771-1 | |
| 000 | 00727nam0 2200229 45 | |
| 001 | 0404241596 | |
| 005 | 20061024090635.84 | |
| 010 | @a7-5060-0771-1@dCNY21.00 | |
| 100 | @a20040424d1996 km y0chiy0120 ea | |
| 101 | 0 | @achi |
| 105 | @a z 000yy | |
| 200 | 1 | @a生命与逻各斯@Asheng ming yu luo ge si@e希腊伦理思想史论@EXi La Lun Li Si Xiang Shi Lun@f包利民著@FBao Li Min Zhu |
| 210 | @a北京@c东方出版社@d1996.07 | |
| 215 | @a354页@d21cm | |
| 225 | @a哥伦布学术文库 | |
| 410 | @12001 @a哥伦布学术文库 | |
| 517 | @a希腊伦理思想史论@AXi La Lun Li Si Xiang Shi Lun | |
| 606 | 0 | @a伦理学@x历史@y希腊 |
| 690 | @aB82-095.45@v3 | |
| 701 | 0 | @a包利民@4著 |
| 801 | @aCN@bPftUser@c20061024 | |
| 905 | @dB82-095.45@e108@f1@b274247 | |
| 生命与逻各斯:希腊伦理思想史论/包利民著.-北京:东方出版社,1996.07 |
| 354页;21cm.-(哥伦布学术文库) |
| ISBN 7-5060-0771-1:CNY21.00 |
| ● |
| 相关链接 |
|
|
|
|
正题名:生命与逻各斯
索取号:B82-095.45/108
 
预约/预借
| 序号 | 登录号 | 条形码 | 馆藏地/架位号 | 状态 | 备注 |
| 1 | 0274245 | 000521037 | 第一样本阅览室/ [索取号:B82-095.45/108] | 在馆 | |
| 2 | 0274246 | 000520993 | 第一借阅区/ [索取号:B82-095.45/108] | 在馆 | |
| 3 | 0274247 | 002017739 | 第一借阅区/ [索取号:B82-095.45/108] | 在馆 |